000 00670nam a22001697a 4500
005 20251108164219.0
008 250721s1993 xx 000 0 ara d
082 1 4 _a301,592/حسي
100 1 _aرشوان، حسين عبد الحميد أحمد
245 1 0 _aالتغير الإجتماعي و التنمية السياسية في المجتمعات النامية :
_bدراسة في علم الإجتماع السياسي /
264 1 _aالإسكندرية :
_bالمكتب الجامعي الحديث،
_c1993.
300 _a311ص
650 1 7 _aعلم الإجتماع
650 1 7 _aعلم الإجتماع السياسي
942 _2ddc
_cBK
999 _c6536
_d6536